00492nam a2200193 a 4500001001300000003000900013005001700022008004100039020001000080082001500090100002200105245002500127260004800152300000900200500003500209505001200244650002000256700002200276nice12345678IN_TiNIC20260116011358.0050524s1961 dela grp 000 0 urd  ac10000a297.2bMAU aMaududi, Abul Ala aTajdeed-O-Ahy-E-Deen aDelhibMarkazi Maktaba Jamat-E-Islamic1961 a155p aincludes index and biblioraphy2 aIndexes aIslam-Doctrines1 aMaududi, Abul Ala